Французско-русский словарь по радиоэлектронике: около 26 000 терминов

Λεπτομέρειες βιβλιογραφικής εγγραφής
Κύριος συγγραφέας: Горохов П. К. Петр Кузьмич
Γλώσσα:Γαλλικά
Ρωσικά
Έκδοση: Москва, Русский язык, 1978
Έκδοση:2-е изд., перераб. и доп.
Θέματα:
Μορφή: Βιβλίο
KOHA link:https://koha.lib.tpu.ru/cgi-bin/koha/opac-detail.pl?biblionumber=66382

MARC

LEADER 00000nam0a2200000 4500
001 66382
005 20231101212245.0
035 |a (RuTPU)RU\TPU\book\70553 
035 |a RU\TPU\book\23546 
090 |a 66382 
100 |a 20040817d1978 km y0rusy50 ca 
101 0 |a fre  |a rus 
102 |a RU 
105 |a y e 000zy 
200 1 |a Французско-русский словарь по радиоэлектронике  |d Dictionnaire francais-russe de radio-electronigue  |e около 26 000 терминов  |f П. К. Горохов 
205 |a 2-е изд., перераб. и доп. 
210 |a Москва  |c Русский язык  |d 1978 
215 |a 504 с. 
510 1 |a Dictionnaire francais-russe de radio-electronigue 
606 1 |a Французский язык  |x Терминологические словари  |2 stltpush  |3 (RuTPU)RU\TPU\subj\16829  |9 42729 
606 1 |a Радиоэлектроника  |2 stltpush  |3 (RuTPU)RU\TPU\subj\69507  |9 84342 
610 1 |a словари 
610 1 |a терминологические словари 
610 1 |a радиосвязь 
610 1 |a микроэлектроника 
610 1 |a телевидение 
675 |a 621.37/39(038)  |v 3 
686 |a Ш147.11-43  |v LBC/SL-A  |2 rubbk 
700 1 |a Горохов  |b П. К.  |g Петр Кузьмич 
801 0 |a RU  |b 63413507  |c 20011209  |g PSBO 
801 2 |a RU  |b 63413507  |c 20201210  |g PSBO 
942 |c BK